Entry Término temático
001 - NÚMERO DE CONTROL
- campo de control: 8510
003 - IDENTIFICADOR DEL NÚMERO DE CONTROL
- campo de control: BNPHU
005 - FECHA Y HORA DE LA ÚLTIMA TRANSACCIÓN
- campo de control: 20240520201957.0
008 - DATOS DE LONGITUD FIJA
- campo de control de longitud fija: 200615|| aca||aabn | a|a d
010 ## - NÚMERO DE CONTROL DE LA BIBLIOTECA DEL CONGRESO
- Número de control de LC: sh 85112223
040 ## - FUENTE DE LA CATALOGACIÓN
- Centro catalogador/agencia de origen: DO-SdBNP
- Lengua de catalogación: spa
- Centro/agencia transcriptor: BNPHU
- Normas de descripción: rda
150 ## - ENCABEZAMIENTO--TÉRMINO DE MATERIA
- Término de materia o nombre geográfico como elemento de entrada: Reforestación
450 0# - TRAZADO DE VÉASE--TÉRMINO DE MATERIA
- Término de materia o nombre geográfico como elemento de entrada: Reforestation
450 ## - TRAZADO DE VÉASE--TÉRMINO DE MATERIA
- Término de materia o nombre geográfico como elemento de entrada: Agroforestación
450 ## - TRAZADO DE VÉASE--TÉRMINO DE MATERIA
- Término de materia o nombre geográfico como elemento de entrada: Repoblación forestal
550 ## - TRAZADO VÉASE ADEMÁS--TÉRMINO DE MATERIA
- Término de materia o nombre geográfico como elemento de entrada: Conservación de bosques
- Subcampo de control: g
550 ## - TRAZADO VÉASE ADEMÁS--TÉRMINO DE MATERIA
- Término de materia o nombre geográfico como elemento de entrada: Bosques
- Subcampo de control: g
550 ## - TRAZADO VÉASE ADEMÁS--TÉRMINO DE MATERIA
- Término de materia o nombre geográfico como elemento de entrada: Revegetación
- Subcampo de control: g
550 ## - TRAZADO VÉASE ADEMÁS--TÉRMINO DE MATERIA
- Término de materia o nombre geográfico como elemento de entrada: Forestación
550 ## - TRAZADO VÉASE ADEMÁS--TÉRMINO DE MATERIA
- Término de materia o nombre geográfico como elemento de entrada: Plantación de árboles
670 ## - FUENTE DE DATOS ENCONTRADOS
- Cita de la fuente: Work cat.: (OSt)2533: Restauración de especies nativas en los helechales de la Reserva Científica Ébano Verde :, 2006.
670 ## - FUENTE DE DATOS ENCONTRADOS
- Identificador Uniforme del Recurso: https://librunam.dgb.unam.mx:8443/F/GVCSIVYYJHPQGYHY87H5YM32APS92D9Y37B4E3G6TFQV432CQ5-22612?func=full-set-set&set_number=031342&set_entry=000001&format=001 Consultado en 20 de Mayo, 2024
670 ## - FUENTE DE DATOS ENCONTRADOS
- Identificador Uniforme del Recurso: https://authorities.loc.gov/cgi-bin/Pwebrecon.cgi?AuthRecID=4761687&v1=1&HC=3&SEQ=20240520195927&PID=gmcJe55UnlJw5S6iSUU5hsiZPy Consultado en 20 de Mayo, 2024
680 ## - NOTA GENERAL PÚBLICA
- Texto explicativo: Aquí se asientan las obras sobre la reproducción artificial de los bosques. Los trabajos sobre la reproducción de los bosques por procesos naturales se asientan bajo
- Encabezamiento o término de subdivisión: Regeneración forestal
- Texto explicativo: Obras sobre el proceso de regresar los bosques a su estructura original, productividad, integridad ecológica y diversidad de especies se asienta bajo
- Encabezamiento o término de subdivisión: Restauración de bosques
681 ## - NOTA DE EJEMPLO DE TRAZADO DE MATERIA
- Texto explicativo: Notas bajo |a Regeneración forestal; Restauración de bosques
